000 00701nam a2200229 a 4500
001 13712
003 BD-JhCC
005 20240318112653.0
008 240318b 2024b |||| ||a| 000 0 b d
020 _a9789845028615
035 _a(BD-JhCC)13712
040 _aBD-JhCC
_dBD-JhCC
041 _aben
082 _a891.4415
_bMUS 2024
100 _a মুস্তাকিম, মালেক
245 _aসেলাই করা হাওয়ার গান /
_b মালেক মুস্তাকিম
260 _aঢাকা:
_bঅন্যপ্রকাশ;
_c2024.
300 _a63 p. :
_c22 cm.
650 _aবাংলা কবিতা
942 _2ddc
_cBK
999 _c13712
_d13712